00648nam a2200145 a 450000100100000000500170001000800410002704000250006811000990009324500570019226000910024930000400034095201050038099900170048500003864320240304103305.0130417s2002 dr 000 0 spa d aDO-SdBNPbspacBNPHU1 aRepública Dominicana.b Secretaría de Estado de Medio Ambiente y Recursos Naturales91450310aAnteproyecto de ley sectorial de áreas protegidas. aSanto Domingo :bSecretaría de Estado de Medio Ambiente y Recursos Naturales,c2002. a82, [85] p. :bil., mapas ;c29 cm. 0010718PDaPDbPDcCTd2013-04-17iLF1l0o p38643-10r2020-06-25w2020-06-25yLFPDZNo se presta c38133d38133